000 00450nam a2200133Ia 4500
008 151001s9999||||xx |||||||||||||| ||und||
100 _aशेलेन्द्र सेंगर
245 _aव्यावहारिक पत्र लेखन
250 _a1
260 _bइम्प्रेशन्स पब्लिशिंग कंपनी कर्नाटक
260 _c2009
300 _a184
365 _b21
999 _c993955
_d993952